Musical Theatre College Programs - Statistics

General Stats
  • This quiz has been taken 15 times
  • The average score is 9 of 28
Answer Stats
Hint Answer % Correct
Ann Arbor, MI University of Michigan
100%
Elon, NC Elon University
67%
Syracuse, NY Syracuse University
67%
Pittsburgh, PA Carnegie Mellon University
56%
Kent, OH Kent State University
56%
Berea, OH Baldwin - Wallace University
44%
Boston, MA Emerson College
44%
Ithaca, NY Ithaca College
44%
San Marcos, TX Texas State University
44%
Boston, MA Boston Conservatory at Berklee
33%
Pittsburgh, PA Point Park University
33%
Lawrenceville, NJ Rider University
33%
Chicago, IL Roosevelt University
33%
Winchester, VA Shenandoah University
33%
New York, NY Manhattan School of Music
22%
Philadelphia, PA Temple University
22%
Hartford, CT The Hartt School (University of Hartford)
22%
Tucson, AZ University of Arizona
22%
Philadelphia, PA University of the Arts
22%
La Crosse, WI Viterbo University
22%
Webster Groves, MO Webster University
22%
New York, NY Marymount Manhattan College
11%
Decatur, IL Millkin University
11%
New York, NY New York Univeristy
11%
New York, NY Pace Univerisity
11%
New York, NY The New School
11%
New York, NY American Musical and Drama Academy
0%
Westerville, OH Otterbein University
0%
No matching quizzes found
Score Distribution
Percent of People with Each Score
Percentile by Number Answered
Your Score History
You have not taken this quiz